política do espirito (Record no. 63583)
[ view plain ]
| 000 -LEADER | |
|---|---|
| campo de control de longitud fija | 00579nam a2200157 i 4500 |
| 001 - NÚMERO DE CONTROL | |
| campo de control | 63583 |
| 003 - IDENTIFICADOR DE NÚMERO DE CONTROL | |
| campo de control | ES-MaACL |
| 007 - CAMPO FIJO DE DESCRIPCIÓN FÍSICA--INFORMACIÓN GENERAL | |
| campo de control de longitud fija | t| |
| 008 - DATOS DE LONGITUD FIJA--INFORMACIÓN GENERAL | |
| campo de control de longitud fija | 031212s1949 po ||||1| por d |
| 100 1# - ENTRADA PRINCIPAL--NOMBRE DE PERSONA | |
| Nombre de persona | Ferro, Antonio. |
| 9 (RLIN) | 50591 |
| 245 10 - MENCIÓN DEL TÍTULO | |
| Título | política do espirito |
| Resto del título | : turismo fonte de riqueza e de poesía / |
| Mención de responsabilidad, etc. | Antonio Ferro. |
| 260 ## - PUBLICACIÓN, DISTRIBUCIÓN, ETC. | |
| Lugar de publicación, distribución, etc. | Lisboa : |
| Nombre del editor, distribuidor, etc. | Secretariado Nacional da Informaçâo e Cultura Popular, |
| Fecha de publicación, distribución, etc. | 1949 ( |
| Fabricante | Ramos, Alfonso y Moita) |
| 300 ## - DESCRIPCIÓN FÍSICA | |
| Extensión | 117 p., 9 lám. ; |
| Dimensiones | 19 cm. |
| 710 2# - ENTRADA AGREGADA--NOMBRE DE ENTIDAD CORPORATIVA | |
| Nombre de entidad corporativa o nombre de jurisdicción como elemento de entrada | Secretariado Nacional da Informaçao e Cultura Popular. |
| 9 (RLIN) | 6528 |
| 852 ## - LOCALIZACIÓN | |
| Ubicación | ES-MaACL |
| Número de control de estantería | E-971 |
| Sublocalización o colección | R.27141 |
| Estatus retirado | Estado de pérdida | Estado de daño | No para préstamo | Biblioteca de origen | Biblioteca actual | Ubicación en estantería | Fecha de adquisición | Fuente de adquisición | Total de préstamos | Signatura topográfica completa | Código de barras | Visto por última vez | Precio de reemplazo | Tipo de ítem Koha |
|---|---|---|---|---|---|---|---|---|---|---|---|---|---|---|
| Biblioteca del Ateneo de Madrid | Biblioteca del Ateneo de Madrid | Depósito 2 | 17/01/2008 | E-971 | 1066643 | 23/02/2023 | 23/02/2023 | Libro impreso |
